Justificación del origen de los fondos y de la capacidad de compra para la adquisición de moneda extranjera. Régimen de información y control previos. (Registro nro. 15304)

Detalles MARC
000 -LEADER
fixed length control field 00430 a2200109 4500
001 - CONTROL NUMBER
control field ART_18521
005 - DATE AND TIME OF LATEST TRANSACTION
control field 20260410161702.0
008 - FIXED-LENGTH DATA ELEMENTS--GENERAL INFORMATION
fixed length control field 260409a
100 1# - MAIN ENTRY--PERSONAL NAME
Personal name Ferraro, Ricardo H.
245 10 - TITLE STATEMENT
Title Justificación del origen de los fondos y de la capacidad de compra para la adquisición de moneda extranjera. Régimen de información y control previos.
773 0# - HOST ITEM ENTRY
Title Revista Impuestos
Related parts - Nº 12 (dic. 2011)
Record control number REV639

No hay ítems disponibles.